Strategic Management and Business Policy : (Record no. 13470)
[ view plain ]
| 000 -LEADER | |
|---|---|
| fixed length control field | 02779cam a22003858a 4500 |
| 001 - CONTROL NUMBER | |
| control field | 15723609 |
| 005 - DATE AND TIME OF LATEST TRANSACTION | |
| control field | 20100219083457.0 |
| 008 - FIXED-LENGTH DATA ELEMENTS--GENERAL INFORMATION | |
| fixed length control field | 090504s2010 mau |rb 001 0 eng |
| 010 ## - LIBRARY OF CONGRESS CONTROL NUMBER | |
| LC control number | 2009018084 |
| 020 ## - INTERNATIONAL STANDARD BOOK NUMBER | |
| International Standard Book Number | 9780137029152 |
| 020 ## - INTERNATIONAL STANDARD BOOK NUMBER | |
| International Standard Book Number | 0137029150 |
| 040 ## - CATALOGING SOURCE | |
| Original cataloging agency | DLC |
| Transcribing agency | DLC |
| Modifying agency | DLLC |
| 050 00 - LIBRARY OF CONGRESS CALL NUMBER | |
| Classification number | HD30.28 |
| Item number | .W43 2010 |
| 082 00 - DEWEY DECIMAL CLASSIFICATION NUMBER | |
| Classification number | 658.4012 |
| Edition number | 22 |
| Item number | WHE |
| 100 1# - MAIN ENTRY--PERSONAL NAME | |
| Personal name | Wheelen, Thomas L. |
| 9 (RLIN) | 11715 |
| 245 10 - TITLE STATEMENT | |
| Title | Strategic Management and Business Policy : |
| Remainder of title | Achieving Sustainability / |
| Statement of responsibility, etc | Thomas L. Wheelen, J. David Hunger. |
| 250 ## - EDITION STATEMENT | |
| Edition statement | 12th ed. |
| 260 ## - PUBLICATION, DISTRIBUTION, ETC. (IMPRINT) | |
| Place of publication, distribution, etc | Boston : |
| Name of publisher, distributor, etc | Prentice Hall, 2010 |
| Date of publication, distribution, etc | 2009, c2010. |
| 263 ## - PROJECTED PUBLICATION DATE | |
| Projected publication date | 0908 |
| 300 ## - PHYSICAL DESCRIPTION | |
| Extent | 979 p.: |
| Other physical details | Col. ill.; |
| Dimensions | 25 cm. |
| 504 ## - BIBLIOGRAPHY, ETC. NOTE | |
| Bibliography, etc | Includes bibliographical references and index. |
| 505 0# - FORMATTED CONTENTS NOTE | |
| Formatted contents note | Basic concepts in strategic management -- Corporate governance -- Ethics and social responsibility -- Environmental scanning and industry analysis -- Internal scanning and organizational analysis -- Situation analysis and business strategy -- Corporate strategy -- Functional strategy and strategic choice -- Organizing for action -- Staffing and directing -- Evaluation and control -- Suggestions for case analysis -- Web chapter A: Managing technology and innovation -- Web chapter B: Entrepreneurial ventures and small businesses -- Web chapter C: Not-for-profit organizations -- Cases in strategic management. |
| 650 #0 - SUBJECT ADDED ENTRY--TOPICAL TERM | |
| Topical term or geographic name as entry element | Strategic planning. |
| 9 (RLIN) | 11716 |
| 650 #0 - SUBJECT ADDED ENTRY--TOPICAL TERM | |
| Topical term or geographic name as entry element | Strategic planning |
| Form subdivision | Case studies. |
| 9 (RLIN) | 11717 |
| 650 #0 - SUBJECT ADDED ENTRY--TOPICAL TERM | |
| Topical term or geographic name as entry element | Sustainability. |
| 9 (RLIN) | 11718 |
| 700 1# - ADDED ENTRY--PERSONAL NAME | |
| Personal name | Hunger, J. David, |
| Dates associated with a name | 1941- |
| 9 (RLIN) | 11719 |
| 942 ## - ADDED ENTRY ELEMENTS (KOHA) | |
| Source of classification or shelving scheme | Dewey Decimal Classification |
| Item type | NB - Book (Non borrowing) |
| Withdrawn status | Item status | Source of classification or shelving scheme | Damaged status | Not for loan | Vendor | Home library | Current library | Shelving location | Date acquired | Source of acquisition | Total Checkouts | Full call number | Barcode | Date last seen | Date last borrowed | Koha item type | Total Renewals |
|---|---|---|---|---|---|---|---|---|---|---|---|---|---|---|---|---|---|
| Dewey Decimal Classification | Baccah | Central Library | Central Library | First floor | 23/02/2010 | 4 | 658.4012 WHE | 000019763 | 15/07/2025 | 27/05/2010 | NB - Book (Non borrowing) | ||||||
| Dewey Decimal Classification | Baccah | Central Library | Central Library | First floor | 24/02/2010 | 15 | 658.4012 WHE | 000019942 | 15/07/2025 | 02/03/2014 | Book - Borrowing | 14 | |||||
| Dewey Decimal Classification | Baccah | Central Library | Central Library | First floor | 24/02/2010 | 10 | 658.4012 WHE | 000019689 | 15/07/2025 | 19/02/2020 | Book - Borrowing | 38 | |||||
| Dewey Decimal Classification | Baccah | Central Library | Central Library | First floor | 24/02/2010 | 10 | 658.4012 WHE | 000019957 | 15/07/2025 | 21/03/2018 | Book - Borrowing | 65 | |||||
| Dewey Decimal Classification | Baccah | Central Library | Central Library | First floor | 15/03/2010 | 12 | 658.4012 WHE | 000019739 | 15/07/2025 | 20/05/2017 | Book - Borrowing | 42 | |||||
| Dewey Decimal Classification | Baccah | Central Library | Central Library | First floor | 15/03/2010 | 11 | 658.4012 WHE | 000019740 | 15/07/2025 | 04/05/2017 | Book - Borrowing | 24 |